[Event "SVK-ch rapid"]
[Site "Podbanske"]
[Date "2022.09.11"]
[Round "6"]
[White "Mrvova, Alena"]
[Black "Reisel, Frantisek"]
[Result "1-0"]
[WhiteElo "2157"]
[BlackElo "1832"]
[PlyCount "79"]
[EventDate "2022.09.10"]
[EventType "swiss (rapid)"]
[EventRounds "9"]
[EventCountry "SVK"]
[SourceTitle "CBM 210 Extra"]
[Source "ChessBase"]
[SourceDate "2022.11.30"]
[SourceVersion "1"]
[SourceVersionDate "2022.11.30"]
[SourceQuality "1"]

1. e4 e6 2. d3 d5 3. Nd2 Nc6 4. g3 Nf6 5. Bg2 Be7 6. Ngf3 dxe4 7. dxe4 0-0 8. 0-0 Bc5 9. Qe2 Qe7 10. e5 Nd5 11. c3 h6 12. a3 a5 13. Ne4 Ba7 14. Qc2 f5 15. exf6 Nxf6 16. Nxf6+ Qxf6 17. Be3 Bxe3 18. fxe3 Qf5 19. Qe2 Qc5 20. Nh4 Bd7 21. Ng6 Rxf1+ 22. Rxf1 Ne5 23. Nxe5 Qxe5 24. Bxb7 Bb5 25. c4 Rb8 26. cxb5 Rxb7 27. a4 c6 28. Qf3 Qd5 29. Qxd5 cxd5 30. Rc1 Kf7 31. Rc6 Kf6 32. Kf2 Ke5 33. Ke2 Re7 34. Kd3 Rf7 35. b6 Rb7 36. Kc3 g5 37. b4 axb4+ 38. Kxb4 d4 39. exd4+ Kd5 40. Kb5 1-0

[Event "SVK-ch rapid"]
[Site "Podbanske"]
[Date "2022.09.10"]
[Round "1"]
[White "Komlos, Jan"]
[Black "Mrvova, Alena"]
[Result "0-1"]
[WhiteElo "1562"]
[BlackElo "2157"]
[PlyCount "65"]
[EventDate "2022.09.10"]
[EventType "swiss (rapid)"]
[EventRounds "9"]
[EventCountry "SVK"]
[SourceTitle "CBM 210 Extra"]
[Source "ChessBase"]
[SourceDate "2022.11.30"]
[SourceVersion "1"]
[SourceVersionDate "2022.11.30"]
[SourceQuality "1"]

1. d4 Nf6 2. c4 e6 3. Nc3 Bb4 4. a3 Bxc3+ 5. bxc3 d5 6. a4 0-0 7. Ba3 Re8 8. Nf3 dxc4 9. e3 Nd5 10. Qc2 Nd7 11. Bxc4 N7f6 12. Bd3 c6 13. 0-0 Qa5 14. c4 Ne7 15. Rfb1 Qh5 16. Ne5 Nf5 17. Bxf5 exf5 18. f4 Ng4 19. h3 Nxe3 20. Qd3 f6 21. Qxe3 fxe5 22. dxe5 Qf7 23. c5 Be6 24. a5 Bd5 25. Rd1 Re6 26. Rd2 Rg6 27. g3 Qc7 28. Bb4 Re8 29. Kh2 Rh6 30. Bc3 Qf7 31. Qe2 Ree6 32. Rg1 Rxh3+ 33. Kxh3 0-1

[Event "SVK-ch rapid"]
[Site "Podbanske"]
[Date "2022.09.10"]
[Round "3"]
[White "Takacs, Laszlo"]
[Black "Mrvova, Alena"]
[Result "1-0"]
[WhiteElo "2027"]
[BlackElo "2157"]
[PlyCount "41"]
[EventDate "2022.09.10"]
[EventType "swiss (rapid)"]
[EventRounds "9"]
[EventCountry "SVK"]
[SourceTitle "CBM 210 Extra"]
[Source "ChessBase"]
[SourceDate "2022.11.30"]
[SourceVersion "1"]
[SourceVersionDate "2022.11.30"]
[SourceQuality "1"]

1. e4 c5 2. Nf3 Nc6 3. d4 cxd4 4. Nxd4 Nf6 5. Nc3 d6 6. f3 a6 7. Be3 e5 8. Nb3 Be6 9. Qd2 Rc8 10. 0-0-0 Nb4 11. Kb1 d5 12. a3 d4 13. axb4 Bxb4 14. Nxd4 Bxc3 15. Nxe6 Bxd2 16. Nxd8 Bxe3 17. Nxb7 Ke7 18. Nd6 g6 19. Nxc8+ Rxc8 20. Bxa6 Ne8 21. Bxc8 1-0

[Event "Olympiad Women-44"]
[Site "Chennai"]
[Date "2022.08.06"]
[Round "8.4"]
[White "Mrvova, Alena"]
[Black "Nakhbayeva, Guliskhan"]
[Result "0-1"]
[WhiteElo "2165"]
[BlackElo "2329"]
[PlyCount "102"]
[EventDate "2022.07.29"]
[EventType "team-swiss"]
[EventRounds "11"]
[EventCountry "IND"]
[SourceTitle "CBM 210"]
[Source "ChessBase"]
[SourceDate "2022.10.31"]
[SourceVersion "1"]
[SourceVersionDate "2022.10.31"]
[SourceQuality "1"]
[WhiteTeam "Slovakia (W)"]
[BlackTeam "Kazakhstan (W)"]
[WhiteTeamCountry "SVK"]
[BlackTeamCountry "KAZ"]

1. e4 c5 2. Nf3 e6 3. d3 d5 4. Nbd2 Nc6 5. g3 g6 6. Bg2 Bg7 7. 0-0 Nge7 8. Re1 0-0 9. c3 e5 10. exd5 Nxd5 11. Nc4 Re8 12. Ng5 Rf8 13. Ne4 Qe7 14. Ned6 Be6 15. f4 Rad8 16. fxe5 Nxe5 17. Nxb7 Qxb7 18. Nxe5 Qc7 19. Ng4 h5 20. Nf2 h4 21. Qf3 hxg3 22. hxg3 Be5 23. Ne4 f5 24. Ng5 Bc8 25. Bd2 Bxg3 26. Ne6 Bxe6 27. Rxe6 Kf7 28. Ra6 Rfe8 29. Bg5 Rd7 30. Bh3 Bh2+ 31. Kf2 Bf4 32. Bxf5 Re3 33. Rf6+ Nxf6 34. Qxf4 gxf5 35. Qxc7 Ng4+ 36. Kf1 Rxc7 37. Bxe3 Nxe3+ 38. Ke2 Ng4 39. Rd1 Kf6 40. d4 Re7+ 41. Kf3 Re3+ 42. Kf4 Re4+ 43. Kf3 cxd4 44. cxd4 Re3+ 45. Kf4 Re2 46. Rd3 Rxb2 47. Ra3 Rf2+ 48. Kg3 Kg5 49. Ra5 Rd2 50. d5 f4+ 51. Kf3 Kf5 0-1

[Event "Olympiad Women-44"]
[Site "Chennai"]
[Date "2022.08.03"]
[Round "6.4"]
[White "Mrvova, Alena"]
[Black "Bail, Ellen Larissa"]
[Result "1-0"]
[WhiteElo "2165"]
[BlackElo "1892"]
[PlyCount "61"]
[EventDate "2022.07.29"]
[EventType "team-swiss"]
[EventRounds "11"]
[EventCountry "IND"]
[SourceTitle "CBM 210"]
[Source "ChessBase"]
[SourceDate "2022.10.31"]
[SourceVersion "1"]
[SourceVersionDate "2022.10.31"]
[SourceQuality "1"]
[WhiteTeam "Slovakia (W)"]
[BlackTeam "Brazil (W)"]
[WhiteTeamCountry "SVK"]
[BlackTeamCountry "BRA"]

1. e4 e6 2. d4 d5 3. Nd2 c5 4. exd5 Qxd5 5. Ngf3 cxd4 6. Bc4 Qd6 7. 0-0 Nf6 8. Nb3 Nc6 9. Nbxd4 Nxd4 10. Nxd4 a6 11. c3 Qc7 12. Bb3 Bd7 13. Re1 0-0-0 14. Qf3 Bd6 15. h3 h6 16. Be3 Be8 17. Rac1 Nd7 18. c4 Ne5 19. Qe2 Nc6 20. Nb5 axb5 21. cxb5 Bb4 22. Red1 Rxd1+ 23. Qxd1 Qd8 24. Qe2 Kb8 25. bxc6 Bxc6 26. Bf4+ Ka7 27. Qe5 Rg8 28. a3 Ba5 29. Rd1 Bd5 30. Bxd5 g5 31. Be3+ 1-0